[Event "Mont de Marsan op 6th"]
[Site "Mont de Marsan"]
[Date "2006.12.29"]
[Round "8"]
[White "Pujol, Rudy"]
[Black "Akif, Sebastien"]
[Result "1/2-1/2"]
[WhiteElo "1700"]
[BlackElo "1330"]
[PlyCount "64"]
[EventDate "2006.12.26"]
[EventType "swiss"]
[EventRounds "9"]
[EventCountry "FRA"]
[SourceTitle "CBM 116 Extra"]
[Source "ChessBase"]
[SourceDate "2007.03.07"]
[SourceVersion "1"]
[SourceVersionDate "2007.03.07"]
[SourceQuality "1"]

1. d4 d5 2. Nc3 Nf6 3. e4 dxe4 4. f3 exf3 5. Nxf3 g6 6. Bc4 Bg7 7. 0-0 0-0 8. Bg5 Bg4 9. h3 Bh5 10. Qd2 Nc6 11. Rae1 Bxf3 12. Rxf3 Qxd4+ 13. Qxd4 Nxd4 14. Rd3 Nxc2 15. Rxe7 Rac8 16. a3 a6 17. Rd2 b5 18. Ba2 b4 19. Rxc2 bxc3 20. bxc3 h6 21. Bf4 c6 22. Bg3 Nh5 23. Bh2 Bf6 24. Ra7 Rcd8 25. Bc4 Rd1+ 26. Kf2 Bh4+ 27. Kf3 Re1 28. Re2 Rf1+ 29. Kg4 Nf6+ 30. Kxh4 g5+ 31. Kg3 Nh5+ 32. Kg4 Nf6+ 1/2-1/2

[Event "Mont de Marsan op 6th"]
[Site "Mont de Marsan"]
[Date "2006.12.26"]
[Round "1"]
[White "Jacquot, David"]
[Black "Pujol, Rudy"]
[Result "1-0"]
[WhiteElo "1830"]
[BlackElo "1700"]
[PlyCount "99"]
[EventDate "2006.12.26"]
[EventType "swiss"]
[EventRounds "9"]
[EventCountry "FRA"]
[SourceTitle "CBM 116 Extra"]
[Source "ChessBase"]
[SourceDate "2007.03.07"]
[SourceVersion "1"]
[SourceVersionDate "2007.03.07"]
[SourceQuality "1"]

1. d4 d5 2. Nf3 Nf6 3. Bg5 h6 4. Bh4 Nc6 5. c3 Bf5 6. e3 e6 7. Qb3 Rb8 8. Ne5 Be7 9. Be2 0-0 10. 0-0 Nxe5 11. dxe5 Nd7 12. Bxe7 Qxe7 13. f4 Qc5 14. c4 Nb6 15. Nd2 Rfd8 16. Rac1 d4 17. Kf2 dxe3+ 18. Qxe3 Na4 19. Qxc5 Nxc5 20. Rfd1 Rd4 21. Nf3 Rxf4 22. b4 Ne4+ 23. Ke3 Rg4 24. Ne1 Rg5 25. g3 f6 26. Nf3 Rh5 27. g4 Bxg4 28. Kxe4 f5+ 29. Ke3 g5 30. h4 Bxf3 31. Bxf3 Rxh4 32. Rh1 f4+ 33. Ke4 Rxh1 34. Rxh1 Kh7 35. Rd1 Rf8 36. Bg4 f3 37. Bxf3 Rf4+ 38. Ke3 Rxc4 39. Rd7+ Kg6 40. Be4+ Kh5 41. Re7 c5 42. bxc5 Rxc5 43. Rxe6 b5 44. Kd4 Rc4+ 45. Kd5 g4 46. Ra6 g3 47. e6 Rxe4 48. Kxe4 g2 49. e7 g1Q 50. e8Q+ 1-0